<?xml version="1.0" encoding="UTF-8"?>
<record
    xmlns:xsi="http://www.w3.org/2001/XMLSchema-instance"
    xsi:schemaLocation="http://www.loc.gov/MARC21/slim http://www.loc.gov/standards/marcxml/schema/MARC21slim.xsd"
    xmlns="http://www.loc.gov/MARC21/slim">

  <leader>01135nam a2200217 i 4500</leader>
  <controlfield tag="001">149577</controlfield>
  <controlfield tag="003">ES-MaACL</controlfield>
  <controlfield tag="005">20251220063021.0</controlfield>
  <controlfield tag="007">t|</controlfield>
  <controlfield tag="008">190516s1850    fr           ||||1| fre d</controlfield>
  <datafield tag="100" ind1="1" ind2=" ">
    <subfield code="a">Prado, Casiano de, </subfield>
    <subfield code="d">1797-1866</subfield>
    <subfield code="9">93606</subfield>
  </datafield>
  <datafield tag="245" ind1="1" ind2="0">
    <subfield code="a">Note g&#xE9;ologique sur les terrains de Sabero et de ses environs dans les montagnes de Leon (Spagne) / </subfield>
    <subfield code="c">par Casiano del Prado ; suivie d'une description des fossiles de ces terrains par Ed. de Verneuil.</subfield>
  </datafield>
  <datafield tag="260" ind1=" " ind2=" ">
    <subfield code="a">[S.l. : </subfield>
    <subfield code="b">s.n., </subfield>
    <subfield code="c">1850?]</subfield>
  </datafield>
  <datafield tag="300" ind1=" " ind2=" ">
    <subfield code="a">59 p. [3] h. pleg. de il. ; </subfield>
    <subfield code="c">21 cm.</subfield>
  </datafield>
  <datafield tag="500" ind1=" " ind2=" ">
    <subfield code="a">Extrait du Bulletin de la Soci&#xE9;t&#xE9; G&#xE9;ologique de France, 2&#xAA; s&#xE9;rie, t. VII, p. 157, s&#xE9;ance du 21 janvier 1850.</subfield>
  </datafield>
  <datafield tag="650" ind1=" " ind2="4">
    <subfield code="a">Geolog&#xED;a-</subfield>
    <subfield code="z">Sabero.</subfield>
    <subfield code="9">167031</subfield>
  </datafield>
  <datafield tag="650" ind1=" " ind2="4">
    <subfield code="a">F&#xF3;siles-</subfield>
    <subfield code="z">Sabero.</subfield>
    <subfield code="9">167032</subfield>
  </datafield>
  <datafield tag="700" ind1="1" ind2=" ">
    <subfield code="a">Verneuil, &#xC9;douard de, </subfield>
    <subfield code="d">1805-1873</subfield>
    <subfield code="9">114176</subfield>
  </datafield>
  <datafield tag="852" ind1=" " ind2=" ">
    <subfield code="a">ES-MaACL</subfield>
    <subfield code="j">B-8925(1) </subfield>
    <subfield code="z">.-  Legado de Federico de Botella y de Hornos .- Encuadernado en un vol. facticio agrupado con el nombre en el lomo: Espa&#xF1;a, geolog&#xED;a, memorias y documentos varios 9 a 19 </subfield>
    <subfield code="z">.- Ded. ms. de Verneuil a Botella y de Hornos</subfield>
  </datafield>
  <datafield tag="999" ind1=" " ind2=" ">
    <subfield code="c">149577</subfield>
    <subfield code="d">149577</subfield>
  </datafield>
  <datafield tag="952" ind1=" " ind2=" ">
    <subfield code="0">0</subfield>
    <subfield code="1">0</subfield>
    <subfield code="4">0</subfield>
    <subfield code="7">0</subfield>
    <subfield code="8">LIBXIX</subfield>
    <subfield code="a">ATENEOM</subfield>
    <subfield code="b">ATENEOM</subfield>
    <subfield code="c">SPB</subfield>
    <subfield code="d">2019-05-16</subfield>
    <subfield code="e">DON</subfield>
    <subfield code="l">0</subfield>
    <subfield code="o">B-8925(1)</subfield>
    <subfield code="p">1200519</subfield>
    <subfield code="r">2023-02-23 00:00:00</subfield>
    <subfield code="w">2023-02-23</subfield>
    <subfield code="y">MONANT</subfield>
  </datafield>
</record>
